000 00581nam a22001937a 4500
003 IBSLLIB
005 20260509040829.0
008 260509b |||||||| |||| 00| 0 eng d
020 _a9780849900600
040 _aISBLLIB
_beng
041 _hEng
082 _a158.1
_bSTR
100 _aStruecker , Jeff
245 _aThe Road To Unafraid :
_bHow the Army's Top Ranger Faced Fear and Found Courage Through "Black Hawk Down" and Beyond
260 _aTennessee :
_bThomas Nelson Inc ,
_c1969
300 _a210 p ;
_c25 cm
700 _aMerrill , Dean
_eCoo Author
942 _cLBK
999 _c22091
_d22091